000 00514nam a2200193 a 4500
001 1770813380312
003 YourLibrary
005 20260211180754.0
008 260211s1998##################000#0#eng##
020 _a9780306457425
082 0 4 _a306.70844
_bLEV
100 1 _aLevine, Stephen B.,
_eauthor.
245 1 0 _aSexuality in Mid-Life :
260 _bSpringer Science & Business Media,
_c1998.
300 _a226 pages
650 0 _aMedical.
942 _cENGLISH
040 _aYourLibrary
_beng
_cYourLibrary
999 _c611907
_d611907